Statistics made easy / (Record no. 5621)
[ view plain ]
| 000 -LEADER | |
|---|---|
| fixed length control field | 00739nam a22002292 4500 |
| 001 - CONTROL NUMBER | |
| control field | 0000002064 |
| 005 - DATE AND TIME OF LATEST TRANSACTION | |
| control field | 20151217151838.0 |
| 008 - FIXED-LENGTH DATA ELEMENTS--GENERAL INFORMATION | |
| fixed length control field | 070402s xx 000 0 eng d |
| 020 ## - INTERNATIONAL STANDARD BOOK NUMBER | |
| International Standard Book Number | 0748770801 : |
| Terms of availability | KES 112.00 |
| 040 ## - CATALOGING SOURCE | |
| Original cataloging agency | KABU |
| Transcribing agency | KABU |
| 050 #0 - LIBRARY OF CONGRESS CALL NUMBER | |
| Classification number | HF1017 |
| Item number | .D73 2003 |
| 100 1# - MAIN ENTRY--PERSONAL NAME | |
| Personal name | Dransfield, Rob. |
| -- | 0000151283 |
| 245 10 - TITLE STATEMENT | |
| Title | Statistics made easy / |
| Statement of responsibility, etc. | Rob Dransfield. |
| 260 ## - PUBLICATION, DISTRIBUTION, ETC. (IMPRINT) | |
| Place of publication, distribution, etc. | Cheltenham, United Kingdom : |
| Name of publisher, distributor, etc. | Nelson Thornes, |
| Date of publication, distribution, etc. | 2003. |
| 300 ## - PHYSICAL DESCRIPTION | |
| Extent | vii, 103 p. ; |
| Dimensions | 28 cm. |
| 440 #0 - SERIES STATEMENT/ADDED ENTRY--TITLE | |
| Title | Understanding business |
| -- | 0000151284 |
| 650 #0 - SUBJECT ADDED ENTRY--TOPICAL TERM | |
| Topical term or geographic name as entry element | Commercial statistics. |
| -- | 0000149884 |
| 908 ## - PUT COMMAND PARAMETER (RLIN) | |
| Put command parameter | 070402 |
| 950 ## - LOCAL HOLDINGS (RLIN) | |
| -- | 1 |
| Withdrawn status | Lost status | Source of classification or shelving scheme | Not for loan | Home library | Current library | Date acquired | Total Checkouts | Full call number | Barcode | Date last seen | Date last checked out | Price effective from | Koha item type |
|---|---|---|---|---|---|---|---|---|---|---|---|---|---|
| Library of Congress Classification | Kabarak, Main Campus | Kabarak, Main Campus | 17/12/2015 | 2 | HF1017 .D73 2003 | 010389 | 02/08/2024 | 10/12/2019 | 17/12/2015 | General Collection | |||
| Library of Congress Classification | Kabarak, Main Campus | Kabarak, Main Campus | 17/12/2015 | 2 | HF1017 .D73 2003 | 010388 | 22/11/2019 | 16/11/2019 | 17/12/2015 | General Collection |